Riconosci lo Stato - Quiz n°1 - Statistics

Statistiche generali
  • Questo quiz è stato fatto 177 volte
    175 dall'ultimo reset
  • Il punteggio medio è 12 su 12
Statistiche sulle risposte
Indizio Risposta % Corretto
Popolazione 217 684 800 ab.
99%
Superficie 8 514 877 km²
99%
Iniziale della Capitale B
99%
Valuta Real
99%
Forma di Governo Repubblica presidenziale federale
98%
Fuso Orario da UTC-2 a UTC-5
96%
Presidente della Repubblica Luiz Inácio Lula da Silva
95%
ISU 0,754
94%
Indipendenza dal Portogallo il 7 settembre 1822
94%
Tasso di crescita 0,64%
93%
PIL (nominale) 3 736 368 milioni di $
93%
Risposta Brasile
92%
Nessun quiz corrispondente trovato
Distribuzione punteggi
Percentuale di utenti per punteggio
Percentile per numero di risposta
I tuoi punteggi nel tempo
Non hai fatto questo quiz dall'ultimo reset